Loading...
Durgam
| Main Author: | |
|---|---|
| Format: | Printed Book |
| Language: | Malayalam |
| Published: |
Prabhatham printing & publishing Co. Ltd.
Prabhatham printing & publishing Co. Ltd.
1982
|
| LEADER | 00508nam a2200121Ia 4500 | ||
|---|---|---|---|
| 008 | 111205s9999 xx 000 0 mal d | ||
| 100 | |a Premachandran & Chandramohan; Viva: | ||
| 245 | |a Durgam |c Premachandran & Chandramohan; Viva: | ||
| 260 | |b Prabhatham printing & publishing Co. Ltd. |a Prabhatham printing & publishing Co. Ltd. |c 1982 | ||
| 300 | |a 396 | ||
| 942 | |c BK | ||
| 999 | |c 219513 |d 219513 | ||
| 952 | |0 0 |1 0 |2 ddc |4 0 |6 S_7R3 |7 0 |9 242495 |a MAL |b MAL |c SEC |d 2020-12-27 |g 20.00 |j 127 |l 0 |o S7R3 |p MAL17222 |r 2015-04-13 |v 20.00 |w 2015-04-13 |y BK | ||